Sistema integrado de control de costos para construcciones utilizando microcomputadora
Збережено в:
| Автор: | |
|---|---|
| Формат: | Книга |
| Опубліковано: |
[San José , Costa Rica]
1984
|
| Предмети: | |
| Теги: |
Додати тег
Немає тегів, Будьте першим, хто поставить тег для цього запису!
|
MARC
| LEADER | 00000nam a2200000Ia 4500 | ||
|---|---|---|---|
| 003 | 002556 | ||
| 005 | 20221231144408.0 | ||
| 008 | 140114s1984 cr a m 000 ||s d | ||
| 040 | |c cru CEDI | ||
| 090 | |a TFG 1587 | ||
| 100 | |a Castro Solano, Edgardo |9 14799 | ||
| 245 | |a Sistema integrado de control de costos para construcciones utilizando microcomputadora | ||
| 260 | |c 1984 |a [San José , Costa Rica] | ||
| 300 | |a 95 hojas ; 28 cm | ||
| 500 | |a Proyecto de graduación (ingeniero civil)-- Universidad de Costa Rica. Facultad de Ingeniería. Escuela de Ingeniería Civil | ||
| 650 | |x CONSTRUCCION |x PRESUPUESTOS |x PROGRAMAS PARA COMPUTADORA |9 13118 | ||
| 942 | |c TFG | ||
| 999 | |c 21245 |d 21245 | ||
